000 00384nam a2200145Ia 4500
008 210210b1977 xxu||||| |||| 00| 0 eng d
082 _a321.8 JOHM
100 _aJOHARI (J C).
245 _aMajor modern political systems.
260 _aDelhi
_bVishal Publications.
_c1977
300 _a843
650 _aModern political systems
690 _aModern Governments
906 _aSG00894
999 _c112167
_d112167